[Event "4NCL Division 1a"]
[Site "Daventry, ENG"]
[Date "2020.03.01"]
[Round "2.36"]
[White "Clarke, Stuart W"]
[Black "Dwilewicz, Katarzyna"]
[Result "0-1"]
[WhiteElo "2190"]
[BlackElo "2102"]
[PlyCount "86"]
[EventDate "2020.03.01"]
[WhiteTeam "3Cs 1"]
[BlackTeam "Celtic Tigers 1"]

1. e4 e5 2. Nf3 Nc6 3. Bc4 Bc5 4. c3 Nf6 5. d3 d6 6. Nbd2 h6 7. a4 a6 8. a5 Ba7
9. h3 O-O 10. O-O Ne7 11. Re1 Ng6 12. Nf1 c6 13. Bb3 Nh5 14. Be3 Nhf4 15. Ng3
Qf6 16. d4 Be6 17. Bc2 Kh8 18. Nf5 Rad8 19. g3 Nxh3+ 20. Kg2 d5 21. dxe5 Nxe5
22. Nxe5 Bxe3 23. Ng4 Qg5 24. Nfxe3 dxe4 25. Qe2 h5 26. Kxh3 Bxg4+ 27. Nxg4 Rd2
28. Qxe4 f5 29. Qf4 fxg4+ 30. Kg2 Qxf4 31. gxf4 Rxc2 32. Kg3 Rxb2 33. Rad1 Rc2
34. Re3 Rf7 35. Rd8+ Kh7 36. Rde8 Rd7 37. Rb8 Kg6 38. Rf8 Rcd2 39. f5+ Kg5 40.
f4+ gxf3 41. f6 gxf6 42. Rg8+ Kh6 43. Rxf3 Rg7+ 0-1

[Event "4NCL Division 1a"]
[Site "Daventry, ENG"]
[Date "2020.03.01"]
[Round "2.47"]
[White "Jackson, Sheila"]
[Black "York-Weaving, Anna"]
[Result "1-0"]
[WhiteElo "2090"]
[BlackElo "1743"]
[PlyCount "117"]
[EventDate "2020.03.01"]
[WhiteTeam "Spirit of Atticus A"]
[BlackTeam "Cambridge University 1"]

1. e4 c6 2. d4 d5 3. Nc3 dxe4 4. Nxe4 Bf5 5. Ng3 Bg6 6. h4 h6 7. Nf3 Nd7 8. h5
Bh7 9. Bd3 Bxd3 10. Qxd3 e6 11. Bd2 Qc7 12. O-O-O O-O-O 13. Kb1 Ngf6 14. Ne4
Nxe4 15. Qxe4 Nf6 16. Qe2 Kb8 17. c4 c5 18. Bc3 Bd6 19. Ne5 Rc8 20. dxc5 Bxc5
21. f3 Rhd8 22. g4 Ka8 23. Rxd8 Rxd8 24. Rd1 Bd6 25. a3 Ne8 26. b4 Bxe5 27.
Rxd8+ Qxd8 28. Bxe5 f6 29. Bc3 e5 30. Kc2 Nc7 31. Qd3 Qe8 32. b5 Ne6 33. Qd5
Nf4 34. Qe4 Qd7 35. Bd2 Ne6 36. Be3 Qe7 37. Qd5 Nc7 38. Qg8+ Ne8 39. c5 Qd7 40.
a4 a6 41. Qc4 axb5 42. axb5 Kb8 43. c6 Qc7 44. Qc5 bxc6 45. bxc6 Kc8 46. Qd5
Qd6 47. Qxd6 Nxd6 48. Bb6 f5 49. Kd3 e4+ 50. fxe4 fxe4+ 51. Ke2 Ne8 52. Ke3 Nf6
53. Bd4 Nxg4+ 54. Kxe4 Kc7 55. Kf5 g6+ 56. hxg6 h5 57. Kg5 h4 58. Kxg4 Kxc6 59.
g7 1-0

[Event "4NCL Division 1b"]
[Site "Daventry, ENG"]
[Date "2020.02.29"]
[Round "1.51"]
[White "Parligras, Mircea-Emilian"]
[Black "Fodor, Tamas Jr."]
[Result "1/2-1/2"]
[WhiteElo "2605"]
[BlackElo "2518"]
[PlyCount "51"]
[EventDate "2020.02.29"]
[WhiteTeam "Chess.com Manx Liberty 1"]
[BlackTeam "Cheddleton"]

1. d4 e6 2. Nf3 f5 3. g3 Nf6 4. Bg2 d5 5. O-O Bd6 6. c4 O-O 7. Nc3 c6 8. Qc2
Ne4 9. Rb1 a5 10. a3 Nd7 11. b4 axb4 12. axb4 Qf6 13. cxd5 cxd5 14. Nb5 Bb8 15.
Bf4 Bxf4 16. gxf4 Nb6 17. Ne5 Qd8 18. f3 Nf6 19. Rfc1 Bd7 20. Nd6 Qb8 21. Qc7
Nc4 22. Qxb8 Rfxb8 23. Ndxc4 dxc4 24. Rxc4 Bb5 25. Rc2 Rc8 26. Rbc1 1/2-1/2

[Event "4NCL Division 1b"]
[Site "Daventry, ENG"]
[Date "2020.02.29"]
[Round "1.52"]
[White "Beerdsen, Thomas"]
[Black "Erdos, Viktor"]
[Result "1/2-1/2"]
[WhiteElo "2497"]
[BlackElo "2624"]
[PlyCount "30"]
[EventDate "2020.02.29"]
[WhiteTeam "Cheddleton"]
[BlackTeam "Chess.com Manx Liberty 1"]

1. e4 c5 2. Nf3 d6 3. d4 Nf6 4. Nc3 cxd4 5. Nxd4 e5 6. Bb5+ Nbd7 7. Nf5 a6 8.
Bxd7+ Qxd7 9. Bg5 Nxe4 10. Nxg7+ Bxg7 11. Nxe4 O-O 12. Qxd6 f6 13. Be3 Qg4 14.
Nc3 Bf5 15. O-O Bxc2 1/2-1/2

[Event "4NCL Division 1b"]
[Site "Daventry, ENG"]
[Date "2020.02.29"]
[Round "1.53"]
[White "Lupulescu, Constantin"]
[Black "Williams, Simon K"]
[Result "1-0"]
[WhiteElo "2653"]
[BlackElo "2473"]
[PlyCount "127"]
[EventDate "2020.02.29"]
[WhiteTeam "Chess.com Manx Liberty 1"]
[BlackTeam "Cheddleton"]

1. e4 d6 2. d4 Nf6 3. Bd3 e5 4. c3 Nbd7 5. Nf3 g6 6. O-O Bg7 7. Re1 O-O 8. h3
b6 9. Bc2 Bb7 10. a4 a5 11. Na3 exd4 12. cxd4 Re8 13. Nd2 Nh5 14. Nb5 Ndf6 15.
Nc3 Nf4 16. Nf3 N6h5 17. Kh2 f5 18. g3 fxe4 19. Bxe4 Bxe4 20. Nxe4 Ne6 21. Ra3
d5 22. Neg5 Nxg5 23. Bxg5 Qd7 24. Ne5 Bxe5 25. dxe5 c5 26. g4 Ng7 27. h4 Rf8
28. f4 d4 29. Rg3 Ra7 30. Bh6 Qe6 31. Qd2 Kh8 32. h5 Rd7 33. Bg5 Ne8 34. b3
Rdf7 35. Rh3 Kg8 36. Rg3 Kh8 37. Reg1 gxh5 38. Qe2 hxg4 39. Rxg4 Rg7 40. Qd3
Rg6 41. Rh4 Qf5 42. Qxf5 Rxf5 43. Bd8 Rxg1 44. Kxg1 Ng7 45. Bf6 h5 46. Kf2 Kh7
47. Bxg7 Kxg7 48. Kf3 Kg6 49. Ke4 Rf8 50. Rh1 Rh8 51. f5+ Kf7 52. e6+ Kf6 53.
Rg1 Rh6 54. Rg8 h4 55. Rf8+ Ke7 56. Rf7+ Ke8 57. Ke5 h3 58. Rb7 h2 59. Rb8+ Ke7
60. f6+ Rxf6 61. Rb7+ Kd8 62. e7+ Kc8 63. Ra7 Kb8 64. Rd7 1-0

[Event "4NCL Division 1b"]
[Site "Daventry, ENG"]
[Date "2020.02.29"]
[Round "1.54"]
[White "Astaneh Lopez, Alex"]
[Black "Tari, Aryan"]
[Result "1/2-1/2"]
[WhiteElo "2441"]
[BlackElo "2629"]
[PlyCount "46"]
[EventDate "2020.02.29"]
[WhiteTeam "Cheddleton"]
[BlackTeam "Chess.com Manx Liberty 1"]

1. d4 Nf6 2. c4 g6 3. Nc3 d5 4. Bf4 Bg7 5. e3 O-O 6. Nf3 c5 7. dxc5 Ne4 8. Be5
Bxe5 9. Nxe5 Nxc3 10. bxc3 Qa5 11. Rc1 Nc6 12. Nxc6 bxc6 13. cxd5 Rd8 14. Bc4
cxd5 15. Bb3 Ba6 16. h4 Qxc5 17. h5 g5 18. Qd4 Qd6 19. f4 gxf4 20. exf4 f6 21.
Rd1 Kh8 22. Qe3 Qc6 23. Kf2 Bc4 1/2-1/2

[Event "4NCL Division 1b"]
[Site "Daventry, ENG"]
[Date "2020.02.29"]
[Round "1.55"]
[White "Cyborowski, Lukasz"]
[Black "Arkell, Keith C"]
[Result "1-0"]
[WhiteElo "2502"]
[BlackElo "2454"]
[PlyCount "77"]
[EventDate "2020.02.29"]
[WhiteTeam "Chess.com Manx Liberty 1"]
[BlackTeam "Cheddleton"]

1. Nf3 d5 2. d4 Nf6 3. c4 c6 4. Nc3 g6 5. cxd5 cxd5 6. Bf4 Nc6 7. e3 Bg7 8. h3
O-O 9. Be2 Ne4 10. Rc1 Nxc3 11. Rxc3 e6 12. O-O Bd7 13. Qb3 Na5 14. Qb4 Bc6 15.
Ne5 Qb6 16. Nxc6 bxc6 17. Qxb6 axb6 18. b4 Nc4 19. Bxc4 dxc4 20. Rxc4 e5 21.
Bxe5 Bxe5 22. dxe5 c5 23. bxc5 bxc5 24. Rxc5 Rxa2 25. Rfc1 Kg7 26. Rc8 Ra5 27.
R1c5 Ra1+ 28. Kh2 Rxc8 29. Rxc8 g5 30. Rc7 Kg6 31. Rc6+ Kg7 32. e6 f6 33. f4
Ra3 34. f5 Rxe3 35. Rc7+ Kh6 36. Rf7 g4 37. h4 g3+ 38. Kh3 Re4 39. Kxg3 1-0

[Event "4NCL Division 1b"]
[Site "Daventry, ENG"]
[Date "2020.02.29"]
[Round "1.56"]
[White "Eggleston, David J"]
[Black "Bulmaga, Irina"]
[Result "1-0"]
[WhiteElo "2383"]
[BlackElo "2453"]
[PlyCount "95"]
[EventDate "2020.02.29"]
[WhiteTeam "Cheddleton"]
[BlackTeam "Chess.com Manx Liberty 1"]

1. e4 e5 2. Nf3 Nc6 3. Bb5 a6 4. Ba4 Nf6 5. O-O b5 6. Bb3 Be7 7. Re1 O-O 8. c3
d6 9. h3 Bb7 10. d4 Nd7 11. Nbd2 exd4 12. cxd4 Bf6 13. Nf1 Na5 14. Bc2 Re8 15.
Ne3 c5 16. Nf5 cxd4 17. Nxd6 Re6 18. Nxb7 Nxb7 19. Bb3 Re8 20. Nxd4 Nb6 21. Be3
Nc4 22. Bxc4 bxc4 23. Qc2 Nd6 24. Red1 Nxe4 25. Qxc4 Qb8 26. b3 Nd6 27. Qd3 Nb5
28. Rac1 Nxd4 29. Bxd4 Qd6 30. Be3 Qa3 31. Rc2 h6 32. Qf5 Re5 33. Qf3 Rae8 34.
Bxh6 a5 35. Bf4 R5e6 36. Be3 Qe7 37. Rcd2 a4 38. Rd7 Qa3 39. Ra7 Qxa2 40. bxa4
Re5 41. g3 Qc2 42. Rdd7 Qb1+ 43. Kg2 Rf5 44. Qb7 Qa1 45. Ra8 Rxa8 46. Qxa8+ Kh7
47. Qe4 Qe5 48. Qd3 1-0

[Event "4NCL Division 1b"]
[Site "Daventry, ENG"]
[Date "2020.02.29"]
[Round "1.57"]
[White "Galyas, Miklos"]
[Black "Kirk, Ezra"]
[Result "0-1"]
[WhiteElo "2476"]
[BlackElo "2430"]
[PlyCount "124"]
[EventDate "2020.02.29"]
[WhiteTeam "Chess.com Manx Liberty 1"]
[BlackTeam "Cheddleton"]

1. c4 Nf6 2. Nf3 e6 3. g3 a6 4. Bg2 b5 5. b3 Bb7 6. O-O c5 7. Nc3 b4 8. Na4 Be7
9. Bb2 d6 10. d4 cxd4 11. Nxd4 Qc7 12. Qd3 Nbd7 13. Bxb7 Qxb7 14. Qf3 Ne4 15.
a3 Ne5 16. Qg2 bxa3 17. Bxa3 Rb8 18. Rad1 h5 19. f3 Nc5 20. f4 Qxg2+ 21. Kxg2
Nxc4 22. bxc4 Nxa4 23. Nf3 Rb6 24. Rb1 O-O 25. e4 Re8 26. e5 dxe5 27. Bxe7 Rxe7
28. Nxe5 Rc7 29. Rxb6 Nxb6 30. Ra1 Nxc4 31. Nxc4 Rxc4 32. Rxa6 Rc2+ 33. Kg1 h4
34. Ra8+ Kh7 35. Ra5 g6 36. Rg5 f5 37. gxh4 Rc4 38. h5 Rxf4 39. hxg6+ Kg7 40.
Kg2 Rh4 41. Rg3 Rh6 42. Ra3 Rxg6+ 43. Kf3 Kf6 44. Ra4 Rg1 45. h4 Rb1 46. Rc4
Rb3+ 47. Kf2 Rb6 48. Rc8 Rb4 49. Kg3 Rb3+ 50. Kg2 f4 51. Rf8+ Ke5 52. h5 Rg3+
53. Kf2 Rh3 54. Rh8 Ke4 55. h6 e5 56. h7 Rh6 57. Kg2 Rg6+ 58. Kf1 Rg7 59. Kf2
Ra7 60. Kg2 Ke3 61. Re8 f3+ 62. Kg1 f2+ 0-1

[Event "4NCL Division 1b"]
[Site "Daventry, ENG"]
[Date "2020.02.29"]
[Round "1.61"]
[White "Suarez Real, Alberto"]
[Black "Gormally, Daniel W"]
[Result "0-1"]
[WhiteElo "2454"]
[BlackElo "2483"]
[PlyCount "74"]
[EventDate "2020.02.29"]
[WhiteTeam "Guildford 2"]
[BlackTeam "Blackthorne Russia"]

1. e4 c5 2. Nf3 d6 3. d4 cxd4 4. Nxd4 Nf6 5. Nc3 a6 6. Bg5 e6 7. f4 Be7 8. Qf3
h6 9. Bh4 Bd7 10. O-O-O O-O 11. Kb1 Nc6 12. e5 Nxd4 13. Rxd4 dxe5 14. fxe5 Nd5
15. Nxd5 exd5 16. Qxd5 Be6 17. Qe4 Qxd4 18. Qxd4 Rfd8 19. Bf2 Bc5 20. c3 Bxd4
21. Bxd4 b5 22. a3 Rab8 23. Bd3 Bc4 24. Bf5 a5 25. Ba7 Rb7 26. Bc5 Rd5 27. Bd4
Rd8 28. Be4 Re7 29. Bc2 b4 30. Re1 bxa3 31. b3 Be6 32. Ka1 Rb7 33. Rb1 Rdb8 34.
Bc5 Bxb3 35. Be4 Rb5 36. Bd6 a2 37. Rb2 Rc8 0-1

[Event "4NCL Division 1b"]
[Site "Daventry, ENG"]
[Date "2020.02.29"]
[Round "1.62"]
[White "Bates, Richard A"]
[Black "Hebden, Mark L"]
[Result "0-1"]
[WhiteElo "2366"]
[BlackElo "2439"]
[PlyCount "116"]
[EventDate "2020.02.29"]
[WhiteTeam "Blackthorne Russia"]
[BlackTeam "Guildford 2"]

1. d4 g6 2. Nf3 Bg7 3. g3 c5 4. d5 d6 5. Bg2 b5 6. O-O Nf6 7. Re1 O-O 8. e4
Nbd7 9. c3 Nb6 10. h3 a5 11. Bf4 b4 12. Qc2 Nh5 13. Bc1 e6 14. dxe6 Bxe6 15.
Nbd2 a4 16. cxb4 cxb4 17. Qd3 a3 18. Nd4 axb2 19. Bxb2 Na4 20. Bc1 Qb6 21. N2f3
Nc5 22. Qd2 Bc4 23. Bb2 Nd3 24. Reb1 Rfe8 25. Bf1 Qa6 26. Rd1 Nxb2 27. Qxb2
Bxf1 28. Rxf1 Re6 29. e5 Rxe5 30. Rfe1 Re4 31. Red1 d5 32. Rab1 Qa4 33. Rd2 Bf8
34. Kg2 Qd7 35. Rc1 Rc8 36. Rcd1 Rc3 37. Rd3 Qc8 38. Rxc3 Qxc3 39. Qb3 Nf6 40.
Qxc3 bxc3 41. Rd3 Bb4 42. Nc2 Ba5 43. Nfd4 Re8 44. Nb3 Re2 45. Ncd4 Rxa2 46.
Nxa5 Ne4 47. Ndb3 Rxf2+ 48. Kg1 Ra2 49. Rxd5 Nxg3 50. Re5 f5 51. Nd4 Ne4 52.
Nab3 Kf7 53. h4 Rb2 54. Ra5 Kf6 55. Ra1 Ke5 56. Rf1 Kd5 57. Rd1 Nd2 58. Nf3
Rxb3 0-1

[Event "4NCL Division 1b"]
[Site "Daventry, ENG"]
[Date "2020.02.29"]
[Round "1.63"]
[White "Kilpatrick, Callum"]
[Black "Ledger, Andrew J"]
[Result "1-0"]
[WhiteElo "2363"]
[BlackElo "2344"]
[PlyCount "115"]
[EventDate "2020.02.29"]
[WhiteTeam "Guildford 2"]
[BlackTeam "Blackthorne Russia"]

1. e4 e6 2. d4 d5 3. Bd3 dxe4 4. Bxe4 Nf6 5. Bf3 c5 6. Ne2 Nbd7 7. Nbc3 cxd4 8.
Nxd4 Bc5 9. Be3 O-O 10. O-O a6 11. Qe2 Qc7 12. Rad1 Ne5 13. Bg5 Nxf3+ 14. Qxf3
Qe5 15. Bf4 Qh5 16. Qxh5 Nxh5 17. Bc7 Nf6 18. Na4 Ba7 19. c4 Bd7 20. Nb6 Bxb6
21. Bxb6 Rac8 22. b3 e5 23. Nf3 Rfe8 24. Rfe1 Rc6 25. Ba5 e4 26. Nd4 Rc5 27.
Bb6 Rg5 28. Ne2 Bc8 29. Ng3 Rge5 30. Bd4 R5e7 31. Bxf6 gxf6 32. Rd6 f5 33. Nh5
Kh8 34. Nf6 Rf8 35. Red1 Be6 36. f3 Kg7 37. Nh5+ Kg6 38. Nf4+ Kg5 39. g3 Rc8
40. Kf2 b5 41. h4+ Kh6 42. fxe4 fxe4 43. R1d4 bxc4 44. bxc4 Kg7 45. Rxe4 a5 46.
Ke3 Rb7 47. Nxe6+ fxe6 48. Ra6 Rb4 49. Kd3 Ra4 50. g4 Rxa2 51. Rexe6 Rd8+ 52.
Ke3 Ra3+ 53. Ke4 Rg3 54. Kf4 Rc3 55. Re7+ Kg8 56. Rc7 Rf8+ 57. Kg5 Re3 58. Kh6
1-0

[Event "4NCL Division 1b"]
[Site "Daventry, ENG"]
[Date "2020.02.29"]
[Round "1.67"]
[White "Golding, Alex"]
[Black "Nelson, Jonathan P"]
[Result "1/2-1/2"]
[WhiteElo "2306"]
[BlackElo "2183"]
[PlyCount "125"]
[EventDate "2020.02.29"]
[WhiteTeam "Guildford 2"]
[BlackTeam "Blackthorne Russia"]

1. e4 d6 2. d4 Nf6 3. f3 e5 4. dxe5 dxe5 5. Qxd8+ Kxd8 6. Bc4 Be6 7. Bxe6 fxe6
8. Be3 Bd6 9. Ne2 Nc6 10. a3 Nd7 11. Kf2 Bc5 12. Bxc5 Nxc5 13. Nd2 Ke7 14. Rhd1
a5 15. Nc4 b5 16. Ne3 Rhf8 17. Ke1 Na4 18. Rab1 Rfd8 19. Rxd8 Rxd8 20. Nc1 b4
21. axb4 axb4 22. Nb3 Nd4 23. Nd2 b3 24. Nxb3 Nxb3 25. cxb3 Nc5 26. Nc4 Kf6 27.
b4 Nd3+ 28. Ke2 Nf4+ 29. Kf1 Rb8 30. Ne3 h5 31. g3 Nd3 32. Ke2 Nxb4 33. Rc1 Na6
34. Nd1 Rb6 35. Rc2 g5 36. Ne3 Rb3 37. Nd1 Rb6 38. Rc3 c6 39. Rc4 Nc7 40. Kd3
Nb5 41. h4 gxh4 42. gxh4 Nd4 43. Ke3 Rb3+ 44. Rc3 Rb4 45. Kd2 Rb8 46. Ke3 Rb4
47. Rd3 c5 48. Rc3 c4 49. Kd2 Nb3+ 50. Ke3 Nd4 51. Kf2 Ke7 52. Ra3 Kd6 53. Ra2
Rb3 54. Nc3 Rb8 55. Ra6+ Ke7 56. Ra7+ Kd6 57. Ra6+ Ke7 58. Ra2 Rf8 59. Ra7+ Kd6
60. Ra6+ Ke7 61. Ra7+ Kd6 62. Ra6+ Ke7 63. Ra7+ 1/2-1/2

[Event "4NCL Division 1b"]
[Site "Daventry, ENG"]
[Date "2020.02.29"]
[Round "1.68"]
[White "Varney, Zoe"]
[Black "Granat, Russell G"]
[Result "0-1"]
[WhiteElo "1908"]
[BlackElo "2170"]
[PlyCount "140"]
[EventDate "2020.02.29"]
[WhiteTeam "Blackthorne Russia"]
[BlackTeam "Guildford 2"]

1. e4 Nf6 2. e5 Nd5 3. d4 d6 4. exd6 cxd6 5. Nf3 g6 6. c3 Bg7 7. Bd3 Nc6 8. O-O
O-O 9. Bg5 Qc7 10. Qd2 Bg4 11. Nh4 Rae8 12. Na3 Nb6 13. Bh6 e5 14. Bxg7 Kxg7
15. Qg5 Bc8 16. f4 e4 17. Bc2 f6 18. Qg3 d5 19. Qe3 Qe7 20. g3 Bh3 21. Ng2 Qd7
22. Rae1 a6 23. b3 Ne7 24. Rf2 Nbc8 25. Qd2 Nd6 26. Ne3 Ndf5 27. Nxf5+ Nxf5 28.
Qc1 Qc7 29. Bd1 Rc8 30. Rc2 h5 31. Nb1 e3 32. Qb2 Qb6 33. Bf3 Rfd8 34. Rce2 Bg4
35. Bxg4 hxg4 36. Rd1 Rc7 37. Na3 Re7 38. Nc2 Qb5 39. Rde1 Rde8 40. Qc1 Kf7 41.
Nxe3 Qd3 42. Nxf5 Rxe2 43. Nd6+ Kf8 44. Nxe8 Kxe8 45. Rxe2+ Qxe2 46. a4 Kf7 47.
c4 Qd3 48. Qb2 Ke6 49. c5 a5 50. Kf2 Kf5 51. b4 axb4 52. Qxb4 Ke4 53. Qxb7 Qc2+
54. Kg1 Qd1+ 55. Kg2 Qd2+ 56. Kg1 Qxd4+ 57. Kg2 Qd2+ 58. Kg1 Qd1+ 59. Kg2 Qc2+
60. Kh1 Qxc5 61. Qb1+ Kd4 62. Qd1+ Kc3 63. Qxg4 Qf2 64. h4 d4 65. Qxg6 d3 66.
h5 d2 67. Qxf6+ Kd3 68. Qf5+ Ke2 69. Qe4+ Kf1 70. Qb1+ Qe1 0-1

[Event "4NCL Division 1b"]
[Site "Daventry, ENG"]
[Date "2020.02.29"]
[Round "1.71"]
[White "Derakhshani, Borna"]
[Black "Roberson, Peter T"]
[Result "1/2-1/2"]
[WhiteElo "2354"]
[BlackElo "2437"]
[PlyCount "82"]
[EventDate "2020.02.29"]
[WhiteTeam "Wood Green Monarchs"]
[BlackTeam "Grantham Sharks 1"]

1. Nf3 Nf6 2. e3 d5 3. b3 e6 4. Bb2 c5 5. d4 Nc6 6. Be2 cxd4 7. exd4 Bd6 8. O-O
O-O 9. Nbd2 b6 10. Ne5 Bb7 11. f4 Ne7 12. Bd3 Ne4 13. Qe2 f5 14. Ndf3 Qe8 15.
Ng5 Nc6 16. a3 Nxe5 17. dxe5 Bc5+ 18. Kh1 Nxg5 19. fxg5 Qg6 20. Bc1 d4 21. Qf2
Qh5 22. b4 Be7 23. Be2 Qg6 24. Qxd4 Bxg5 25. Bxg5 Qxg5 26. Bf3 Rad8 27. Qc3
Bxf3 28. Rxf3 Rd5 29. Rd3 Rxd3 30. Qxd3 Rd8 31. Qc4 Qe7 32. Qe2 Qc7 33. h3 Qc3
34. Rd1 Rxd1+ 35. Qxd1 Qxe5 36. Qd8+ Kf7 37. Qd7+ Kf6 38. Qxa7 Qd6 39. c4 Qd1+
40. Kh2 Qd6+ 41. Kh1 Qd1+ 1/2-1/2

[Event "4NCL Division 1b"]
[Site "Daventry, ENG"]
[Date "2020.02.29"]
[Round "1.72"]
[White "Rendle, Thomas E"]
[Black "Fitzsimons, David"]
[Result "1/2-1/2"]
[WhiteElo "2361"]
[BlackElo "2328"]
[PlyCount "64"]
[EventDate "2020.02.29"]
[WhiteTeam "Grantham Sharks 1"]
[BlackTeam "Wood Green Monarchs"]

1. e4 c5 2. Nf3 d6 3. c3 Nf6 4. Be2 g6 5. O-O Bg7 6. d3 O-O 7. Be3 Nc6 8. Nfd2
e5 9. Na3 b6 10. f4 d5 11. fxe5 Nxe5 12. Bf4 Re8 13. Nb5 a6 14. d4 cxd4 15.
cxd4 axb5 16. dxe5 Nxe4 17. Nxe4 dxe4 18. Bxb5 Qxd1 19. Rfxd1 Bg4 20. Bxe8 Bxd1
21. Bc6 Rd8 22. Kf2 Bc2 23. Rc1 Bd3 24. Ke3 Rc8 25. Rc3 g5 26. Bg3 h5 27. h3 h4
28. Bh2 Rd8 29. Bxe4 Bxe4 30. Kxe4 Rd2 31. Kf3 Rxb2 32. Rb3 Rxa2 1/2-1/2

[Event "4NCL Division 1b"]
[Site "Daventry, ENG"]
[Date "2020.02.29"]
[Round "1.73"]
[White "York-Weaving, Richard"]
[Black "Dorrington, Chris J"]
[Result "0-1"]
[WhiteElo "2339"]
[BlackElo "2317"]
[PlyCount "105"]
[EventDate "2020.02.29"]
[WhiteTeam "Wood Green Monarchs"]
[BlackTeam "Grantham Sharks 1"]

1. e4 c5 2. Nf3 e6 3. b3 Nf6 4. e5 Nd5 5. Bb2 Nc6 6. c4 Nde7 7. Nc3 d6 8. exd6
Nf5 9. Ne4 Bxd6 10. g4 Nfd4 11. Nxd4 cxd4 12. Nxd6+ Qxd6 13. d3 O-O 14. Bg2 e5
15. h3 f5 16. Qe2 Qb4+ 17. Kd1 Bd7 18. Kc2 b5 19. a3 Qa5 20. Bd5+ Kh8 21. g5
bxc4 22. Bxc4 Rae8 23. Qh5 Be6 24. g6 h6 25. Bxe6 Rxe6 26. Rac1 Qb5 27. Qd1 Rb8
28. Kb1 Qxb3 29. Qxb3 Rxb3 30. Rc5 Rxg6 31. Rhc1 Rb6 32. a4 Nb4 33. Rd1 Rge6
34. f4 exf4 35. Rxf5 Nc6 36. Rd2 Re1+ 37. Ka2 Rf1 38. h4 Rf3 39. Ka3 Rb7 40.
Rb5 Rf7 41. Rd5 Rf6 42. h5 Rh3 43. Kb3 f3 44. Rf2 Rh4 45. Kc4 Rg4 46. Ba3 Rg2
47. Rf1 f2 48. Kc5 Ne7 49. Rd8+ Kh7 50. Re8 Nf5 51. Rb1 Ng3 52. Rbb8 Nxh5 53.
Kxd4 0-1

[Event "4NCL Division 1b"]
[Site "Daventry, ENG"]
[Date "2020.02.29"]
[Round "1.75"]
[White "Toma, Katarzyna"]
[Black "Makkar, Rajat"]
[Result "0-1"]
[WhiteElo "2293"]
[BlackElo "2179"]
[PlyCount "104"]
[EventDate "2020.02.29"]
[WhiteTeam "Wood Green Monarchs"]
[BlackTeam "Grantham Sharks 1"]

1. e4 e5 2. Nf3 Nc6 3. Bb5 a6 4. Ba4 Nf6 5. Qe2 Be7 6. c3 b5 7. Bb3 O-O 8. O-O
d5 9. d3 Be6 10. Rd1 Re8 11. Nbd2 h6 12. Nf1 Qd7 13. Ng3 Rad8 14. Nh4 Bf8 15.
Nhf5 Kh7 16. Qf3 Ne7 17. h3 Bxf5 18. exf5 c5 19. Be3 d4 20. cxd4 exd4 21. Bd2
Kg8 22. a4 Nc6 23. axb5 Ne5 24. Qe2 axb5 25. Qf1 Rc8 26. Rdc1 Nc6 27. Qd1 Bd6
28. f4 Ne7 29. Ra6 Rc6 30. Rca1 Rec8 31. Ra7 R8c7 32. Ra8+ Kh7 33. Bxf7 Nxf5
34. Nxf5 Qxf5 35. Qf3 c4 36. dxc4 bxc4 37. Re1 c3 38. bxc3 dxc3 39. Bc1 c2 40.
Ba2 Rc3 41. Qf1 Re7 42. Rxe7 Bxe7 43. Ra4 Bc5+ 44. Kh2 Rd3 45. Qe2 Rd1 46. g4
Bg1+ 47. Kg2 Qc5 48. Rc4 Qd5+ 49. Kg3 Rxc1 50. Rxc2 Bh2+ 51. Qxh2 Qd3+ 52. Kh4
Rxc2 0-1

[Event "4NCL Division 1b"]
[Site "Daventry, ENG"]
[Date "2020.02.29"]
[Round "1.76"]
[White "Holland, James P"]
[Black "O'Donnell, Conor"]
[Result "1/2-1/2"]
[WhiteElo "2220"]
[BlackElo "2307"]
[PlyCount "147"]
[EventDate "2020.02.29"]
[WhiteTeam "Grantham Sharks 1"]
[BlackTeam "Wood Green Monarchs"]

1. e4 e5 2. Nf3 Nc6 3. Bb5 g6 4. c3 Bg7 5. d4 exd4 6. cxd4 a6 7. Ba4 b5 8. Bb3
Nge7 9. Bg5 Na5 10. Nc3 h6 11. Bh4 Nxb3 12. Qxb3 O-O 13. O-O d6 14. Rfe1 Be6
15. d5 Bg4 16. Nd2 g5 17. Bg3 f5 18. f3 f4 19. Bf2 Bd7 20. e5 Nf5 21. e6 Be8
22. g4 fxg3 23. hxg3 Qe7 24. Kg2 Nd4 25. Bxd4 Bxd4 26. Qb4 Bc5 27. Qe4 Kg7 28.
Nb3 Bg6 29. Qe2 Bb6 30. Rad1 Rf5 31. Nd4 Bxd4 32. Rxd4 Raf8 33. Rf1 h5 34. a3
Re5 35. Qd2 Ref5 36. Qe3 g4 37. f4 h4 38. Rh1 Rh5 39. Rdd1 Rfh8 40. gxh4 Rxh4
41. Qg3 Bf5 42. Rxh4 Rxh4 43. Rh1 Rxh1 44. Kxh1 Qf6 45. Qe3 Qh4+ 46. Kg2 Qh3+
47. Qxh3 gxh3+ 48. Kg3 Kf6 49. Nd1 Be4 50. Ne3 c6 51. dxc6 Bxc6 52. f5 Be4 53.
Kf4 Bxf5 54. Nxf5 Kxe6 55. Ng3 Kd5 56. b4 Kc4 57. Kg4 h2 58. Kh3 Kb3 59. Kxh2
Kxa3 60. Kg2 Kxb4 61. Kf2 Kc3 62. Ne4+ Kc2 63. Nxd6 b4 64. Ke3 a5 65. Kd4 Kb3
66. Nb7 a4 67. Nc5+ Ka3 68. Nd3 b3 69. Kc3 Ka2 70. Nc1+ Ka3 71. Nd3 Ka2 72.
Nc1+ Kb1 73. Nxb3 axb3 74. Kxb3 1/2-1/2

[Event "4NCL Division 1b"]
[Site "Daventry, ENG"]
[Date "2020.02.29"]
[Round "1.81"]
[White "Rogers, Jonathan W"]
[Black "Collins, Sam E."]
[Result "1/2-1/2"]
[WhiteElo "2335"]
[BlackElo "2450"]
[PlyCount "91"]
[EventDate "2020.02.29"]
[WhiteTeam "Barbican 4NCL 2"]
[BlackTeam "Gonzaga"]

1. Nf3 Nf6 2. d4 g6 3. Bg5 Bg7 4. c3 O-O 5. Nbd2 d6 6. e4 c5 7. dxc5 dxc5 8.
Bc4 Nc6 9. Qe2 Na5 10. Bd3 Be6 11. O-O Rc8 12. Rfd1 h6 13. Bf4 Nh5 14. Be3 Qc7
15. g3 Rfd8 16. Nh4 Nf6 17. Ng2 Ng4 18. Nf4 Nxe3 19. Nxe6 Qb6 20. Nxd8 Nxd1 21.
Rxd1 Rxd8 22. Nf3 Nc6 23. Rd2 e6 24. Kg2 Rd6 25. h4 h5 26. Bc4 Na5 27. Bd3 Bh6
28. Rd1 Qd8 29. Bc2 Rxd1 30. Bxd1 a6 31. Bc2 Nc6 32. Kf1 Bc1 33. Bb1 Bh6 34.
Ke1 Qd6 35. Qd3 Qxd3 36. Bxd3 Bc1 37. b3 Bh6 38. Be2 Kf8 39. Nd2 Bg7 40. Nb1
Ke7 41. Kd2 Na7 42. Na3 Nc8 43. Nc4 Nd6 44. Nxd6 Kxd6 45. Kd3 e5 46. Kc2
1/2-1/2

[Event "4NCL Division 1b"]
[Site "Daventry, ENG"]
[Date "2020.02.29"]
[Round "1.82"]
[White "Kanyamarala, Tarun"]
[Black "French, Max"]
[Result "1/2-1/2"]
[WhiteElo "2349"]
[BlackElo "2188"]
[PlyCount "137"]
[EventDate "2020.02.29"]
[WhiteTeam "Gonzaga"]
[BlackTeam "Barbican 4NCL 2"]

1. e4 c6 2. d4 d5 3. e5 c5 4. dxc5 e6 5. a3 Nc6 6. Nf3 Bxc5 7. b4 Bb6 8. Bb2
Nge7 9. Bd3 Ng6 10. O-O O-O 11. Re1 f6 12. exf6 gxf6 13. c4 Nf4 14. Bf1 e5 15.
Bc1 dxc4 16. Bxf4 Qxd1 17. Bxc4+ Kg7 18. Rxd1 exf4 19. h3 Ne5 20. Bd5 Rb8 21.
Nc3 Bf5 22. Ne2 Nxf3+ 23. Bxf3 Bc7 24. Nd4 Bd7 25. Bg4 Bxg4 26. hxg4 Kg6 27.
Ne6 Rf7 28. Rac1 Be5 29. Rc4 Re8 30. Nxf4+ Bxf4 31. Rxf4 Re5 32. Rd6 h5 33. Kh2
Kg5 34. Rdd4 hxg4 35. Rxg4+ Kf5 36. Rdf4+ Ke6 37. Rg6 a5 38. g4 axb4 39. Rxb4
Rh7+ 40. Kg3 Kf7 41. f4 Kxg6 42. fxe5 fxe5 43. Rb6+ Kg5 44. Re6 Rc7 45. Rxe5+
Kf6 46. Rf5+ Kg6 47. Kh4 Rc1 48. Rb5 Rh1+ 49. Kg3 Ra1 50. Rb3 Kg5 51. Kf3 Rf1+
52. Ke4 Rf7 53. Rg3 Rf6 54. Kd5 Rc6 55. Rb3 Ra6 56. Kc5 Kxg4 57. Kb5 Kf5 58.
Re3 Kf4 59. Rh3 Ke5 60. a4 Kd6 61. Rh7 Ra7 62. a5 Ke6 63. Rh5 Ra6 64. Rh7 Ra7
65. Rh5 Ra6 66. Rh6+ Kd7 67. Rxa6 bxa6+ 68. Kxa6 Kc7 69. Ka7 1/2-1/2

[Event "4NCL Division 1b"]
[Site "Daventry, ENG"]
[Date "2020.02.29"]
[Round "1.85"]
[White "Leon Cazares, Gustavo"]
[Black "Wall, Gavin"]
[Result "1/2-1/2"]
[WhiteElo "2084"]
[BlackElo "2324"]
[PlyCount "34"]
[EventDate "2020.02.29"]
[WhiteTeam "Barbican 4NCL 2"]
[BlackTeam "Gonzaga"]

1. e4 e5 2. Nf3 d6 3. d4 exd4 4. Nxd4 Nf6 5. Nc3 Be7 6. Bf4 O-O 7. Qd2 Nc6 8.
O-O-O Nxd4 9. Qxd4 Be6 10. f3 Nd7 11. Qe3 Nb6 12. h4 Qd7 13. g4 Bc4 14. g5 Bxf1
15. Rhxf1 f5 16. e5 Qe6 17. Rfe1 Rae8 1/2-1/2

[Event "4NCL Division 1b"]
[Site "Daventry, ENG"]
[Date "2020.02.29"]
[Round "1.86"]
[White "Hajbok, Robert"]
[Black "Makepeace, Philip J"]
[Result "1-0"]
[WhiteElo "2353"]
[BlackElo "2066"]
[PlyCount "63"]
[EventDate "2020.02.29"]
[WhiteTeam "Gonzaga"]
[BlackTeam "Barbican 4NCL 2"]

1. d4 c5 2. d5 Nf6 3. Nc3 g6 4. e4 d6 5. Bb5+ Nbd7 6. a4 Bg7 7. Nf3 O-O 8. O-O
a6 9. Be2 b6 10. h3 Bb7 11. Bf4 Nh5 12. Bh2 Bxc3 13. bxc3 Nhf6 14. Nd2 c4 15.
Bxc4 Nc5 16. Re1 Qd7 17. a5 b5 18. Bf1 Rfc8 19. c4 Na4 20. Qf3 Rc7 21. e5 dxe5
22. Bxe5 Nc5 23. Bxc7 Qxc7 24. Qe3 Re8 25. Nb3 Ncd7 26. cxb5 Nxd5 27. Qd2 axb5
28. a6 Ba8 29. Bxb5 Rd8 30. c4 Nf4 31. Rxe7 Bxg2 32. Rxd7 1-0